000 00863cam a2200205 4500
001 WS125628
008 040329n 000 0 eng u
035 _a(Sirsi) u125628
110 _aRoyal Society of Ulster Architects
_92193
245 _aRoyal Society of Ulster Architects
520 _aWeb site for this organisation representing architects in Northern Ireland. Includes a searchable database of members, links to their journal 'Perspective', a database of architectural model-makers, artists and computer visualisers and a developing index of bulletin articles.
650 _aORGANISATION
650 _aARCHITECTS
650 _aNORTHERN IRELAND
650 _aMODEL MAKERS
650 _aARCHITECTURAL ARTISTS
690 _aBUILT ENVIRONMENT
856 4 0 _uhttps://www.rsua.org.uk
_zView the website free of charge at www.rsua.org.uk...
942 _n0
999 _c120420
_d120420